Особенности проявления экстрасистолических воздействий на миокард крыс 4 и 24 месячного возраста в условиях постинфарктного кардиосклероза; Перспективы развития фундаментальных наук; Т. 4 : Биология и фундаментальная медицина
| Parent link: | Перспективы развития фундаментальных наук=Prospects of Fundamental Sciences Development: сборник научных трудов XV Международной конференции студентов, аспирантов и молодых ученых, г. Томск, 24-27 апреля 2018 г./ Национальный исследовательский Томский политехнический университет (ТПУ) ; под ред. И. А. Курзиной, Г. А. Вороновой.— , 2018 Т. 4 : Биология и фундаментальная медицина.— 2018.— [С. 33-35] |
|---|---|
| Autor principal: | |
| Autores Corporativos: | , |
| Otros Autores: | , |
| Sumario: | Заглавие с экрана The following article describes the study of peculiarities of ekstrasistoliei effects on the myocardium of rats 4 and 24 month of age in terms of post-infarction cardiosclerosis. During the experiment we used rats of different ages artificially subjected to occlusion of the coronary artery. Experimentally it was detected an increase in the excitability of the heart muscle in the rats of older age and disability of sarcoplasmic reticulum to accumulate calcium was predominantly in young animals. |
| Lenguaje: | ruso |
| Publicado: |
2018
|
| Materias: | |
| Acceso en línea: | http://earchive.tpu.ru/handle/11683/50872 |
| Formato: | Electrónico Capítulo de libro |
| KOHA link: | https://koha.lib.tpu.ru/cgi-bin/koha/opac-detail.pl?biblionumber=627640 |
MARC
| LEADER | 00000naa2a2200000 4500 | ||
|---|---|---|---|
| 001 | 627640 | ||
| 005 | 20231101133454.0 | ||
| 035 | |a (RuTPU)RU\TPU\conf\27585 | ||
| 035 | |a RU\TPU\conf\27583 | ||
| 090 | |a 627640 | ||
| 100 | |a 20180918d2018 k y0rusy50 ca | ||
| 101 | 0 | |a rus |d eng | |
| 102 | |a RU | ||
| 105 | |a y z 100zy | ||
| 135 | |a drgn ---uucaa | ||
| 181 | 0 | |a i | |
| 182 | 0 | |a b | |
| 200 | 1 | |a Особенности проявления экстрасистолических воздействий на миокард крыс 4 и 24 месячного возраста в условиях постинфарктного кардиосклероза |d Peculiarities of ekstrasistoliei effects on the myocardium of rats 4 and 24 months of age in terms of post-infarction cardiosclerosis |f А. А. Гороховский, А. В. Васильев |g науч. рук. Т. Ю. Реброва | |
| 203 | |a Текст |c электронный | ||
| 230 | |a 1 компьютерный файл (pdf; 195 Kb) | ||
| 300 | |a Заглавие с экрана | ||
| 320 | |a [Библиогр.: с. 35 (3 назв.)] | ||
| 330 | |a The following article describes the study of peculiarities of ekstrasistoliei effects on the myocardium of rats 4 and 24 month of age in terms of post-infarction cardiosclerosis. During the experiment we used rats of different ages artificially subjected to occlusion of the coronary artery. Experimentally it was detected an increase in the excitability of the heart muscle in the rats of older age and disability of sarcoplasmic reticulum to accumulate calcium was predominantly in young animals. | ||
| 461 | 1 | |0 (RuTPU)RU\TPU\conf\26928 |t Перспективы развития фундаментальных наук |l Prospects of Fundamental Sciences Development |o сборник научных трудов XV Международной конференции студентов, аспирантов и молодых ученых, г. Томск, 24-27 апреля 2018 г. |o в 7 т. |f Национальный исследовательский Томский политехнический университет (ТПУ) ; под ред. И. А. Курзиной, Г. А. Вороновой |d 2018 | |
| 463 | 1 | |0 (RuTPU)RU\TPU\conf\26932 |t Т. 4 : Биология и фундаментальная медицина |v [С. 33-35] |d 2018 | |
| 510 | 1 | |a Peculiarities of ekstrasistoliei effects on the myocardium of rats 4 and 24 months of age in terms of post-infarction cardiosclerosis |z eng | |
| 610 | 1 | |a электронный ресурс | |
| 610 | 1 | |a миокард | |
| 610 | 1 | |a сердечная недостаточность | |
| 610 | 1 | |a гемеостаз | |
| 610 | 1 | |a ионы кальция | |
| 700 | 1 | |a Гороховский |b А. А. | |
| 701 | 1 | |a Васильев |b А. В. | |
| 702 | 1 | |a Реброва |b Т. Ю. |4 727 | |
| 712 | 0 | 2 | |a Томский национальный исследовательский медицинский центр Российской академии наук |
| 712 | 0 | 2 | |a Научно-исследовательский институт кардиологии |
| 801 | 2 | |a RU |b 63413507 |c 20181005 |g RCR | |
| 856 | 4 | |u http://earchive.tpu.ru/handle/11683/50872 | |
| 942 | |c BK | ||